| 000 | 00536nab a2200145Ia 4500 | ||
|---|---|---|---|
| 003 | ES-SlBCS | ||
| 005 | 20210601134322.0 | ||
| 008 | 140529s1986-1987xu||||| |||| 00| 0 spa d | ||
| 041 | _aspa | ||
| 100 | 1 |
_aFernández Carrasquilla, Juan _9216740 |
|
| 245 | 0 | 0 |
_aLos derechos humanos como barrera de contención y criterio auto-regulador del poder punitivo _c Juan Fernández Carrasquilla |
| 650 | 0 | 4 |
_aDerechos Humanos _986593 |
| 773 | 0 |
_tAnales de la Catedra Francisco Suarez _gnº. 26-27, 1986-1987, págs. 135-170 _wRev1020 |
|
| 942 | _cAR | ||
| 999 |
_c610901 _d610901 |
||